Music Quiz

Random Music or Album Quiz
Score 0/25 Timer 04:00
1 Play Today
% Correct
Michael Jackson:
Thriller
94.6%
Nirvana: Nevermind
91.9%
Sgt. Pepper's
Lonely Hearts
Club Band
91.2%
The Beatles:
Abbey Road
90.8%
Marvin Gaye:
What's Going
On
89.7%
The Beatles:
The Beatles aka
The White Album
88.7%
Bob Dylan:
Blonde on Blonde
82.2%
The Beatles: Revolver
80.9%
The Beach Boys:
Pet Sounds
79.9%
The Beatles:
Rubber Soul
79.3%
Miles Davis:
Kind of Blue
79%
The Clash:
London Calling
76.7%
Chuck Berry:
The Great
Twenty-Eight
74.6%
% Correct
The Jimi Hendrix Experience:
Are You Experienced?
74.2%
The Velvet
Underground & Nico
73.9%
Robert Johnson:
The Complete Recordings
73.8%
Bruce Springsteen:
Born to Run
73.7%
Elvis Presley:
The Sun Sessions
73.7%
The Rolling Stones:
Exile on Main St.
68.3%
Van Morrison:
Astral Weeks
64.8%
Bob Dylan:
Highway 61
Revisited
64.2%
Stevie Wonder:
Innervisions
60.8%
John Lennon:
Plastic Ono Band
58%
Bob Dylan:
Blood on the Tracks
57.6%
James Brown:
Live at the Apollo
55.3%
Remove Ads.
Support Sporcle.
Get the best of Sporcle when you Go Orange. This ad-free experience offers more features, more stats, and more fun while also helping to support Sporcle. Thank you for becoming a member.

You're not logged in!

Compare scores with friends on all Sporcle quizzes.
OR
Log In

Sporcle TV

Today on Sporcle TV


Watch our educational content, quiz creation guides, and fun videos on Sporcle TV.

Show Comments

Extras

Top Quizzes Today


Score Distribution

Paid Content

Your Account Isn't Verified!

In order to create a playlist on Sporcle, you need to verify the email address you used during registration. Go to your Sporcle Settings to finish the process.

Report this User

Report this user for behavior that violates our Community Guidelines.

Details: